Социальные законы. Личное творчество среди законов природы и общества; Les lois sociales

Detalles Bibliográficos
Autor principal: Тард Г. Габриэль
Otros Autores: Оболенский Л. Е. (редактор автор предисловия), А. Ф. (переводчик)
Sumario:Текст в русской дореформенной орфографии
Lenguaje:ruso
Publicado: Санкт-Петербург, Издание В. И. Губинского, 1900
Materias:
Formato: MixedMaterials Libro
KOHA link:https://koha.lib.tpu.ru/cgi-bin/koha/opac-detail.pl?biblionumber=322810

MARC

LEADER 00000nam0a2200000 4500
001 322810
005 20231102003517.0
035 |a (RuTPU)RU\TPU\book\348368 
090 |a 322810 
100 |a 20161004d1900 km y0rusy50 ca 
101 1 |a rus  |c fre 
102 |a RU 
105 |a y z 001zy 
200 1 |a Социальные законы. Личное творчество среди законов природы и общества  |a Les lois sociales  |f Г. Тард  |g под ред. и с предисловием Л. Е. Оболенского ; пер. с франц. А. Ф. 
210 |a Санкт-Петербург  |c Издание В. И. Губинского  |d 1900 
215 |a 120 с. 
300 |a Текст в русской дореформенной орфографии 
316 |5 63413507: М-132216  |a На титульном листе дарственная надпись и штамп-экслибрис И. Н. Бутакова, на форзаце помета: "569", на корешке монограмма: " А. Ф." 
317 |5 63413507: М-132216  |a Поступила в НТБ в 1970 г. в составе книжного собрания профессора ТПИ И. Н. Бутакова 
320 |a Постраничные примечания 
606 1 |a Законы природы и общества  |2 stltpush  |3 (RuTPU)RU\TPU\subj\11286  |9 38244 
610 1 |a социология 
610 1 |a социальные законы 
610 1 |a дарственная надпись 
610 1 |a владельческие знаки 
610 1 |a библиотека И. Н. Бутакова 
610 1 |a приспособляемость 
610 1 |a противоположности 
610 1 |a повторяемость 
610 1 |a явления 
686 |a Ю212.3  |v LBC/SL-A  |2 rubbk 
700 1 |a Тард  |b Г.  |c французский социолог  |c криминалист  |f 1843-1904  |g Габриэль  |2 stltpush  |3 (RuTPU)RU\TPU\pers\15776  |9 5497 
702 1 |a Оболенский  |b Л. Е.  |4 340  |4 080 
702 0 |a А. Ф.  |4 730 
801 1 |a RU  |b 63413507  |c 20161004 
801 2 |a RU  |b 63413507  |c 20190724  |g RCR 
942 |c BK